[Event "Candidates Tournament"]
[Site "Moscow"]
[Date "2016.03.17"]
[Round "6"]
[White "Anand, Viswanathan"]
[Black "Svidler, Peter"]
[Result "1-0"]
[WhiteElo "2762"]
[BlackElo "2757"]
[Annotator "Sagar Shah"]
[PlyCount "47"]
[EventDate "2016.03.11"]
[EventType "tourn"]
[EventRounds "14"]
[EventCountry "RUS"]
[EventCategory "22"]
[SourceTitle "CBM 172"]
[Source "ChessBase"]
[SourceDate "2016.05.12"]
[SourceVersion "1"]
[SourceVersionDate "2016.05.12"]
[SourceQuality "1"]

{An emphatic victory for Anand. Let's have a look at the game to see what
really went right for him and wrong for Svidler.} 1. e4 e5 2. Nf3 Nc6 3. Bb5 a6
{Svidler is one of those top level grandmasters who doesn't like to play the
Berlin. He sticks to the normal lines of the Ruy Lopez.} 4. Ba4 Nf6 5. O-O Be7
6. Re1 b5 7. Bb3 O-O 8. a4 {Allowing Svidler to play the Marshall was not in
Anand's plans.} ({The following game between Anand and Svidler with the
inclusion of h3 and h6 is very similar to the main game. And Svidler played
much better back then.} 8. h3 Bb7 9. d3 Re8 10. a4 h6 11. Nbd2 Bf8 12. c3 Na5
13. Bc2 c5 14. d4 cxd4 15. cxd4 exd4 16. e5 Nd5 17. Nxd4 Nb4 18. axb5 Nxc2 19.
Qxc2 axb5 20. Nxb5 Qb6 $15 {1/2-1/2 (47) Anand, V (2779)-Svidler,P (2728)
Morelia/Linares 2007}) 8... Bb7 {Although this is the main move in the
position, Anand thought for a good ten minutes. Why? Because Svidler has got
this position 13 times in his games and all the while he had chosen b4.
Although this is the main move in the position, Anand thought for a good ten
minutes. Why? Because Svidler has had this position 13 times in his games and
on every occasion he had chosen b4.} (8... b4 {is Svidler's move.}) 9. d3 Re8
10. Nbd2 Bf8 11. c3 Na5 12. Bc2 c5 {This is all very standard Ruy Lopez stuff.
Now White must remain consistent and break in the centre with d4.} 13. d4 exd4
{This came as a bit of a surprise to Anand. But Peter was mainly trying to
play very concrete chess.} (13... d6 14. d5 {Leads to a slightly passive
position for Black. leads to a slightly passive position for Black.}) 14. cxd4
d5 $6 {Although this is very thematic. It is extremely dangerous. The main
reason being that the two bishops on c1 and c2 are opened up against the black
king.} (14... cxd4 {looks like the best way for Black to proceed.} 15. e5 Nd5
16. axb5 axb5 17. Nxd4 Nb4 18. Bb1 {The pieces are quite weirdly placed but
after} Nbc6 19. Nxc6 Bxc6 20. Nf3 g6 $11 {Black seems to have a pretty fine
position.}) 15. e5 Ne4 {This was a critical position where Anand took a lot of
time. There are a lot of captures. As Anand correctly pointed out, the main
question for him was whether to take on b5 or not. On one hand keeping the
a-file closed keeps the rook on the back rank safeguarding it. On the other
hand the rook doesn't take part in the game. It is a very difficult decision
to make and almost impossible to see what possibilites may arise after say
eight to ten moves. But this is where intuition comes into picture and Anand
felt that bringing the a1-rook into the game was more important and that
explains his next move.} 16. axb5 (16. Nxe4 dxe4 17. Rxe4 {This exchange
sacrifice is not as effective now as in the game.} (17. Bxe4 Bxe4 18. Rxe4 Qd5
$1 {It is important to blockade the d-pawn before attacking it.} 19. Re3 (19.
Qe2 Nb3 $17) 19... Nc6 $15) 17... Nb3 $1 18. Ng5 (18. Rh4 Bxf3 19. Bxh7+ Kh8
20. Rh3 Bxd1 21. Bg6+ $11 {All of these analyses lead us to the concusion that
Anand's decision to take with axb5 was better than not taking.}) 18... Nxa1 19.
Qh5 Qxg5 $1 20. Bxg5 g6 (20... Nxc2 21. Rh4 h6 22. Bxh6 g6 23. Rg4 Nxd4 24.
Rxg6+ fxg6 25. Qxg6+ Kh8 $11) 21. Qd1 Nxc2 22. Qxc2 Bxe4 23. Qxe4 cxd4 $15 {
Only Black can be better here.}) 16... axb5 (16... Nxd2 $2 17. Bxd2 axb5 18.
Bxh7+ $1 {wins! It's a standard Greek Gift!} Kxh7 19. Ng5+ Kg8 (19... Kg6 20.
Qg4 $18) 20. Qh5 $18) (16... cxd4 $6 17. bxa6 Rxa6 18. Nxe4 dxe4 19. Bxe4 Bxe4
20. Rxe4 Bc5 21. b4 $1 Bxb4 22. Rxd4 Qb8 (22... Qb6 23. e6 $1 fxe6 24. Qd3 $1 {
Threatening Rxb4.} Raa8 25. Rh4 $18) 23. Qd3 Ra8 24. Ng5 $18) 17. Nxe4 dxe4 18.
Rxe4 $1 {This move might be natural for a player like Anand, but for us who
from a young age are taught about the relative value of the pieces, it is not
easy to consider a such a move. Once you see it, though, and you realise that
the bishop on e4 will be a complete monster, breathing fire in both directions.
..} (18. Bxe4 Bxe4 19. Rxe4 Qd5 $11 {gives Black excellent chances to hold.})
18... Nb3 {This is what Svidler had prepared, but it falls just short.} (18...
Bxe4 19. Bxe4 {[%cal Ge4a8,Ge4h7]} Ra7 (19... Rb8 20. Bxh7+ Kxh7 21. Ng5+ Kg8
22. Qh5 $18) (19... g6 20. Bxa8 Qxa8 21. Bd2 b4 22. Qa4 $18) 20. Bxh7+ Kxh7 21.
Ng5+ $18) 19. Rxa8 Bxa8 {At this point I went into the tournament hall to
check out what exactly was going on. I expected Anand to be looking happy
while Svidler would be on the board with his head in his hands. But the scene
I saw was completely the opposite. Peter had just captured the rook on a8 and
was moving around confidently. Anand on the other hand was nervous, fidgety,
biting his nails and looked as if he was the one on the back foot. But it was
clear that Vishy was calculating the details of his final attack, anxious to
make sure that his opponent had no defensive resources. And in the above
position he picked up his knight and made the best move 20.Ng5!} 20. Ng5 $1 {
Svidler came back and saw this move. I thought that he would think for a while
before making his move but he blitzed it out. He was showing that he had
things under control.} (20. Rh4 Bxf3 21. Bxh7+ Kh8 22. Rh3 Bxd1 23. Bg6+) 20...
Nxc1 (20... Bxe4 21. Bxe4 $18 {[%cal Gd1b3,Gd1h5]}) 21. Qh5 $1 {[%csl Rf7,Rh7]
Once again the only move. There is an attack on both the h7- and f7-pawns.} h6
{This move was also made quickly.} (21... Qxg5 {was a way to avoid an
immediate defeat, but doesn't really serve any purpose as after} 22. Qxg5 Bxe4
23. Qxc1 $1 Bxc2 24. Qxc2 $18 {the position is technically winning. It won't
be so difficult for a player of Anand's calibre to turn this into a full point.
}) (21... Bxe4 22. Bxe4 h6 23. Qxf7+ Kh8 24. Qg6 $18) 22. Qxf7+ Kh8 {At this
point Peter once again stood up from the board and started walking around.
Anand was making his final calculations, the other players were all coming to
the board, disbelief showing in their faces. Nakamura stood right next to
Svidler's seat for almost a minute. He just didn't want to leave. He checked
the scoresheet, then the board and couldn't believe that Anand was just
winning. He went back to his board, Anand lifted his hand and once again made
the only winning move in the position.} 23. Rg4 $1 {The rook defends the
knight and now the threat is Qg6. Black doesn't really have a way to stop the
attack.} (23. Rf4 Ne2+ $19) 23... Qa5 {With the engine on it seems like a
trivial win here but on the board when you see moves like Qe1+ followed by Ne2,
those are tense moments!} (23... Ne2+ 24. Kf1 $1 {wins!} (24. Kh1 $4 {however
loses in an amazing fashion.} Qa5 $3 {Suddenly the back rank weakness turns
out to be the critical factor in the game.} 25. h4 Qe1+ 26. Kh2 Qg1+ 27. Kh3
Qh1#)) 24. h4 $1 {Svidler resigned as he saw no point in continuing. His bluff
of playing quickly had not worked. Many of you might be wondering why this is
the only move. Wouldn't h3 also win? The point is subtle. The h3-square has to
be kept for the knight to control g1.} (24. h3 $2 Qe1+ 25. Kh2 Ne2 26. Nf3 Bxf3
27. gxf3 Nxd4 $17) (24. h4 Qe1+ 25. Kh2 Ne2 26. Nh3 $18 {Like a gentleman
Svidler analysed the game with Anand, kept a very calm face in the press
conference, and showed great sportsmanship. Anand on the other hand had made
his point clear, he was looking for another Candidates victory!}) 1-0

[Event "Shenzhen Du Te Cup 3rd"]
[Site "Shenzhen"]
[Date "2019.04.20"]
[Round "4"]
[White "Harikrishna, Pentala"]
[Black "Ding, Liren"]
[Result "1-0"]
[WhiteElo "2723"]
[BlackElo "2809"]
[Annotator "Sagar Shah"]
[PlyCount "157"]
[EventDate "2019.04.17"]
[EventType "tourn"]
[EventRounds "10"]
[EventCountry "CHN"]
[EventCategory "21"]
[SourceTitle "CBM 190"]
[Source "ChessBase"]
[SourceDate "2019.06.30"]
[SourceVersion "1"]
[SourceVersionDate "2019.06.30"]
[SourceQuality "1"]

{[%evp 0,157,19,38,25,16,16,3,15,-10,3,-3,24,0,-2,7,7,7,9,-13,-16,-11,0,-40,-9,
-12,11,-22,-15,-20,-18,-33,-20,-11,-21,-34,0,2,-3,-15,21,11,21,4,27,10,6,5,6,
-17,-14,-70,-16,-35,-44,-30,25,15,8,27,29,31,30,38,42,45,52,43,53,43,37,39,39,
48,46,23,30,78,83,89,93,87,99,91,91,84,84,74,79,91,92,92,76,79,91,83,81,80,68,
63,78,80,86,80,80,80,80,90,96,96,85,104,110,117,117,117,148,145,127,126,150,
152,131,129,146,146,124,116,126,129,111,124,153,151,151,141,139,138,150,147,
159,143,182,138,208,146,183,181,170,163,199,159,165,180,185,156,162,193,191,
222]} 1. e4 e5 2. Nf3 Nc6 3. Bb5 a6 4. Ba4 Nf6 5. O-O Be7 6. Re1 b5 7. Bb3 O-O
8. d3 {Harikrishna takes measures against Ding's Marshall.} (8. c3 d5) 8... d6
9. Bd2 $5 {[%cal Ga2a4] This move has been played before and Ganguly has done
so against Anand and Karjakin at the Tata Steel event in India. White wants to
stop Na5. But isn't the bishop coming in the way of the knight developing on
d2? Well, according to white players, the fact that Black cannot move his
knight from c6 immediately and play c5 means that he has to find some other
move to play and it is not so easy to do something without committing a piece.}
(9. Nbd2 {[%cal Gd2f1,Gf1g3]}) (9. c3 Na5 10. Bc2 c5) 9... Bg4 (9... Bb7 {
is another way to play and White's idea here is} 10. a4) (9... Na5 {[%cal
Gc7c5]} 10. Bxa5) 10. c3 {[%csl Rg4] So White did play this move and now Black
can go Na5 and c5, but White can argue that he forced Black to play Bg4, which
he wouldn't have done if he hadn't played Bd2.} Na5 11. Bc2 {[%csl Gd2,Rg4]} c5
12. h3 Bh5 {[%cal Gh5g6,Ga2a4] Placing the bishop on h5 is always a risky
strategy. On one hand you are keeping up the pin, but on the other the bishop
may become irrelevant to the action on the queenside and centre once it is
pushed back to g6.} (12... Be6 {was the game Ganguly vs Anand.} 13. d4 Qc7 14.
b3 Rac8 15. d5 Bd7 16. Bg5 h6 17. Be3 c4 18. b4 Nb7 19. a4 Ra8 20. axb5 axb5
21. Ba7 Rfc8 22. Nbd2 Nd8 23. Be3 Rxa1 24. Qxa1 Qb7 25. Qb2 Ra8 26. Ra1 Ne8 27.
Ra5 Rxa5 28. bxa5 Qa6 29. Qb4 f6 30. Nxc4 bxc4 31. Qb6 Bb5 32. Ba4 Qxb6 33.
Bxb6 Bxa4 34. a6 Nc6 35. Nd2 Na7 36. Nxc4 Bb5 {0-1 (36) Ganguly,S (2615)-Anand,
V (2773) Kolkata 2018}) 13. Bc1 $5 {[%cal Gb1d2,Gd2f1,Gf1g3] The knight is
going to move from d2, f1 to g3 and the bishop on h5 is not going to feel very
comfortable.} Nc6 14. Nbd2 d5 {Ding Liren understands that White has a simple
plan of playing his knight to f1-g3 and tries to stir up some play in the
centre.} 15. Nf1 dxe4 16. dxe4 {[%cal Gd8d1]} Qxd1 17. Bxd1 {[%csl Gc6,Rd3,Rd5,
Ge7,Gf6,Gh5][%cal Ga8d8,Gd8d7,Gf8d8,Gd1c2] It seems as if Black should be
better here. Mainly because he is so well developed and his rooks will be the
first ones to reach the open d-file. However, this is not a position where
activity will trump static factors. Black has to do something concrete,
otherwise White will regroup and on a long-term basis have a small edge
because his position has no real weaknesses, while there is a gaping hole on
d5 for Black and also White always has the option to play a4 to open up the
queenside.} Rfd8 18. Ng3 Bg6 (18... Bxf3 19. Bxf3 {is not much for White but
is something. The bishop pair will definitely give White something to play for.
}) 19. Nh4 $5 {[%cal Gh4g6,Gg3f5,Gh4f5] When it comes to finding tactical
solutions in placid positions, Hari is right up there with the best.} (19. Bc2)
(19. Z0 Nxe4 20. Nxe4 Bxe4 21. Rxe4 Rxd1+) 19... Nd7 (19... Bxe4 20. Nxe4 Nxe4
{The knight on e4 cannot be taken as the bishop on d1 is hanging, but} 21. Nf5
$1 {[%cal Gd1f3,Gf3a8] I have a feeling that Hari would have gone for this
move. The threat now is Bf3.} (21. Bf3 $1 {is also possible.} Bxh4 22. Bxe4
Rac8 23. Be3 {[%csl Ge3,Ge4] To even make a correct assessment of this
position, shows great understanding of chess. Harikrishna felt that his bishop
pair gives him excellent compensation and he is 100% correct.} Na5 24. b3 $44)
21... Nf6 (21... Nd6 22. Nxe7+ Nxe7 23. Rxe5 $14) (21... Bf8 $2 22. Bf3 $18)
22. Bg5 {[%cal Gf5e7,Gc6e7,Ge1e5,Gd1f3] For one pawn, White has excellent
pressure on the position. One line could go} (22. Bf3 e4 $1) 22... Ra7 23. Bf3
e4 (23... Nd5 24. Bxe7 Ndxe7 25. Nxe7+ Nxe7 26. Rxe5 $14 {When White is
slightly better.}) 24. Bxe4 (24. Nxe7+ Rxe7 25. Bxf6 gxf6 26. Rxe4 Ne5 $13)
24... Nxe4 25. Nxe7+ Nxe7 26. Rxe4 $14 {[%csl Gg5]}) (19... Nxe4 $2 20. Nxg6
hxg6 (20... Nxg3 21. Nxe7+) 21. Nxe4 $18) 20. Ngf5 {[%cal Gh4g6]} (20. Nhf5 {
looks more natural, but Hari wanted to keep the option of taking on g6 open
all the time.}) 20... Bf8 21. b3 {[%cal Gc5c4,Gd7c5,Gc5d3] Hari prevents the
plan of c4 followed by Nc5 and Nd3. But Ding finds another interesting idea.}
b4 $5 (21... c4 22. bxc4 bxc4 23. Be2 $14 {[%csl Rc4] The c4 pawn is extremely
weak.} Na5 24. Nxg6 hxg6 25. Ne3 $14) 22. Bb2 {[%csl Rd7][%cal Gd7c5,Gc5d3]
Here Ding finds an exciting way to imbalance the position and activate his
pieces.} (22. cxb4 Nxb4 {Black is pretty active here.} (22... cxb4 {is
possible.})) 22... c4 $1 {[%cal Gd7c5,Gc5d3,Yc5c4] An excellent move to free
up the c5 square for the knight.} 23. bxc4 Nc5 {[%cal Gc5d3,Gd8d2]} 24. Bc2 {
White is a pawn up and he needs only one more move to consolidate, but that's
the move that Ding Liren is not going to give Hari easily.} Rd2 $1 25. Rac1
Bxf5 26. Nxf5 Rad8 27. Kf1 $1 {[%csl Rb4]} (27. Ne3 Nd3 28. Bxd3 R8xd3 {
Now imagine that in this position White had his king on f1, then he could just
defend everything with Re2!}) 27... a5 (27... g6 28. Ne3 Bh6 {[%cal Gh6c1]
This should have been considered.} 29. Nd5 Nd3 30. Bxd3 Rxb2 31. Rc2 Rxc2 32.
Bxc2 bxc3 {[%csl Rc3][%cal Gh6d2] Black should be perfectly fine.} 33. Ke2 (33.
Nxc3 $6 Bd2 $1 $17) 33... Bd2 $11) (27... Nd3 28. Bxd3 R8xd3 29. Re2) 28. Ne3 {
Now the knight is coming to d5, so Black must do something quickly.} Nd3 29.
Bxd3 Rxb2 {[%cal Gd8d2]} (29... R8xd3 30. Re2) 30. Re2 $1 {A nice move to get
rid of Black's active rook.} Rxe2 31. Bxe2 Rd2 {Ding continues to play
actively and naturally, but by now White pieces have regrouped well and Hari
is now ready for activity of his own.} 32. cxb4 Bxb4 (32... axb4 {was a better
move but after} 33. Rc2 {Black anyway has a long defensive task ahead as he is
a pawn down.}) 33. c5 $1 Ba3 (33... Rxa2 34. Bc4 {[%cal Gc4d5,Gc5c8]} Rb2 35.
Bd5 $1 {The knight will be evicted and the pawn on c5 would be extremely
strong.}) 34. Rd1 (34. Rb1 {was also possible as after} Bxc5 35. Rc1 Bxe3 36.
Rxc6 Bg5 37. Rc8+ Bd8 38. Bc4 {[%csl Ga2,Gc8,Ge4][%cal Gc4d5] White is going
to torture Black in this endgame.}) 34... Rxd1+ 35. Bxd1 Bxc5 36. Nc4 {[%csl
Rc6][%cal Gc4a5,Gc4e5,Gd1a4] Hari has seen that he will be able to win another
pawn here.} Bd4 $6 {The bishop had to be kept on c5.} (36... g5 {Computers
prefer this move here.} 37. Ba4 Nb4 38. a3 Nd3 {[%cal Gc5a3]} 39. Nxa5 Bxa3 {
And Black shouldn't have too much difficulty in holding the draw here.} (39...
Nxf2 {is also possible.})) 37. Ba4 Nb4 38. a3 Nd3 39. Nxa5 Nc5 (39... Nxf2 40.
Bc2 {[%csl Rf2][%cal Gf2h1,Gh1g3,Ga3a6] Already it feels as if Black is in big
trouble.}) 40. Bc6 {White is now a pawn up and Hari doesn't go wrong from here.
} Kf8 41. Nc4 Ke7 42. f3 Kd8 43. Ke2 Kc7 44. Bd5 f6 45. Bg8 h6 46. h4 Nb7 47.
a4 Nd6 48. Nd2 Kb6 49. Nb3 Bc3 50. Bd5 Bb4 51. h5 Bc3 52. Kd3 {[%csl Gb3,Gd5,
Re5,Rf6,Rg7,Gh5,Rh6][%cal Gb3a5] White has improved his position. He has
clamped the kingside pawns, the minor pieces are actively posted and now the
king joins in.} Be1 53. Kc2 Bf2 54. Nc1 f5 55. Nd3 Bg3 56. Kb3 fxe4 57. Bxe4
Ne8 58. Kb4 Nf6 59. a5+ Ka7 60. Bg6 Nd5+ 61. Kb5 Nc7+ 62. Ka4 Nd5 63. Be4 Nf6
64. Nb4 {The h5 pawn is given up, but White gets the e5 pawn in return.} Nxh5
65. Nc6+ Ka8 (65... Ka6 66. Bf5 {[%cal Gf5c8]} Kb7 67. Kb5 $18 {[%cal Ga5a6]})
66. Nxe5+ Kb8 67. Nc6+ Kc7 68. Kb5 Nf6 69. Nd4 Ne8 70. a6 Nd6+ 71. Kc5 Bf2 72.
Kd5 Nc8 73. Nf5 Nb6+ 74. Ke6 Nd7 75. Kf7 (75. Nxg7 Nc5+) 75... g5 76. Nxh6 Kb6
77. Bb7 Be3 78. Ke6 Nc5+ 79. Kf5 {A clinical effort by Harikrishna. To beat a
solid player like Ding Liren in such style is never easy.} 1-0